000 00319nam a2200121Ia 4500
008 190723s9999 xx 000 0 und d
020 _a978-93-85965-57-9
100 _aPrasanna Chandra
245 0 _aInvestment Analysis And Portfolio Management
250 _a5th
260 _aNew Delhi
_bMcGraw Hill
_c2017
942 _cBK
999 _c1366
_d1366